000 00577nam a2200205Ia 4500
005 20230201112553.0
008 131103s9999 xx 000 0 und d
040 _aLoreto College
041 _aEnglish
082 _a880
_bPLA
245 _aPlato
_cTranslated by B.Jowell; edited with introduction by Louise Ropes Loomis
260 _aPrinceton
_bD.Van Nostrand
_c1942
300 _aviii,511 p.
440 _aA Classics Club College Edition
504 _aIncludes glossary
650 _aGreek literature
700 _aJowett,B.,tr.
850 _aLCLIB
942 _cBK
999 _c22888
_d73367